| 000 | 00912cam a2200301 a 4500 | ||
|---|---|---|---|
| 001 | 11956233 | ||
| 003 | OSt | ||
| 005 | 20180116183051.0 | ||
| 008 | 000328s1997 enka 001 0 eng | ||
| 010 | _a 00550807 | ||
| 020 | _a186152112X | ||
| 040 |
_aDLC _cDLC _dDLC |
||
| 043 | _ae-uk--- | ||
| 050 | 0 | 0 |
_aHF5549 _b.S8327 1997 |
| 082 | 0 | 0 |
_a658.3 SMI 1997 _221 |
| 100 | 1 | _aSmilansky, Jonathan. | |
| 245 | 1 | 4 |
_aThe new HR / _cJonathan Smilansky. |
| 250 | _a1st ed. | ||
| 260 |
_aLondon ; _aBoston : _bInternational Thomson Business Press, _cc1997. |
||
| 300 |
_ax, 124 p. : _bill. ; PB _c24 cm. |
||
| 440 | 0 | _aSmart strategies series | |
| 500 | _aIncludes index. | ||
| 650 | 0 | _aPersonnel management. | |
| 650 | 0 |
_aPersonnel management _zGreat Britain. |
|
| 906 |
_a7 _bcbc _corignew _d2 _eocip _f20 _gy-gencatlg |
||
| 942 |
_2ddc _cBK |
||
| 999 |
_c351630 _d351630 |
||